Fortalecimiento del sistema y cultura de calidad en los servicios de Purdy Motor, desde un enfoque de fidelización de clientes

Spremljeno u:
Bibliografski detalji
Glavni autor: Blanco Arguedas, Carolina
Daljnji autori: Galván Vargas, Karla, Zeledón Quirós, Lucía
Format: Knjiga
Izdano: [San José, Costa Rica] 2006
Teme:
Oznake: Dodaj oznaku
Bez oznaka, Budi prvi tko označuje ovaj zapis!

MARC

LEADER 00000nam a2200000Ia 4500
003 001001
005 20221231144105.0
008 140114s2006 cr a 000 ||s d
040 |c cru CEDI  
090 |a TFG 5528 
100 |a Blanco Arguedas, Carolina   |9 4660 
245 |a Fortalecimiento del sistema y cultura de calidad en los servicios de Purdy Motor, desde un enfoque de fidelización de clientes 
260 |c 2006  |b [San José, Costa Rica] 
300 |a xviii, 157, [113] hojas; ilustraciones 
500 |a Proyecto (licenciatura en ingeniería industrial)--Universidad de Costa Rica. Facultad de Ingeniería. Escuela de Ingeniería Industrial 
650 |x PURDY MOTOR (COSTA RICA)   |x  ADMINISTRACION   |x  CALIDAD DEL SERVICIO  |x  RELACIONES CON LOS CLIENTES  |9 4663 
700 |9 4661  |a Galván Vargas, Karla 
700 |9 4662  |a Zeledón Quirós, Lucía  
942 |c TFG 
999 |c 16732  |d 16732